| 000 | 00000nam##2200000za#4500 |
| 001 | 9.605744 |
| 003 | CaOODSP |
| 005 | 20210624212254 |
| 007 | cr ||||||||||| |
| 008 | 150406|2011||||xxc|||||o f|0| 0 fre|d |
| 022 | |a1920-6607 |
| 040 | |aCaOODSP|bfre |
| 043 | |an-cn--- |
| 086 | 1 |aA74-2/2011-18F-PDF |
| 110 | 1 |aCanada. |bAgriculture et agroalimentaire Canada. |bBureau des marchés internationaux. |
| 245 | 10|aProfil régional - les magasins de discompte en Europe centrale (Roumanie, Hongrie, Pologne, Slovaquie et République tchèque) |h[ressource électronique] |
| 260 | |aOttawa - Ontario : |bAgriculture et Agroalimentaire Canada. |cMars 2011. |
| 300 | |a17p.|bgraphiques, tableaux, photographies |
| 490 | 1 |aRapport d’analyse de marché |x1920-6607 |
| 590 | |a13-16-Supp|b2013-07-12 |
| 775 | 08|tRegional profile - discounters in central Europe (Romania, Hungary, Poland, Slovakia and the Czech Republic) |w(CaOODSP)9.576751 |
| 830 | #0|aRapport d’analyse de marché,|x1920-6607|w(CaOODSP)9.502774 |
| 856 | 40|ahttp://publications.gc.ca|qPDF|s1.25 Mo|uhttps://publications.gc.ca/collections/collection_2013/aac-aafc/A74-2-2011-18-fra.pdf |
| 986 | |aNo AAC. 11401F |